La globalización y cultura del éxito fácil

Guardat en:
Dades bibliogràfiques
Format: Text
Matèries:
Etiquetes: Afegir etiqueta
Sense etiquetes, Sigues el primer a etiquetar aquest registre!

MARC

LEADER 00000 a a2200000 04500
001 6817
003
040
245 |a La globalización y cultura del éxito fácil  
650 |a CONSUMISMO  
650 |a ESTILOS DE VIDA  
650 |a MEDIOS DE COMUNICACION  
650 |a CULTURA  
650 |a GLOBALIZACION  
650 |a EL SALVADOR  
773 |g volumen 28, número 1246; páginas 2-5  
999 |c 34735  |d 34735